000 01704 a2200301 4500
003 Nust
005 20221119161205.0
020 _a0-521-81372-7 (inb.)
020 _a0-521-89067-5 (hft.)
040 _cNust
082 0 _a515.1,RIL
100 1 _aRiley, Kenneth Franklin
_9103150
245 0 0 _aMathematical methods for physics and engineering :
_ba comprehensive guide /
_cK.F. Riley, M.P. Hobson and S.J. Bence
250 _a2nd ed.
260 _aCambridge :
_bCambridge Univ. Press
_c2002
300 _axxiii, 1232 p
_bill.
505 _aPreliminary Algebra (Page-1), Preliminary Calculus (Page-42), Complex Number and Hyperbolic Functions (Page-86), Series and Limits (Page-118), Partial Differentiation (Page-154), Multiple Integrals (Page-190), Vector Algebra (Page-216), Matrices and Vector Spaces (Page-246), Normal Modes (Page-322), Vector Calculus (Page-340), Line Surface and Volume Integrals (Page-386), Fourier Series (Page-421), Integral Transforms (Page-439), First Order ordinary Differential Equations (Page-474), Higher Ordinary Differential Equations (Page-496), Series Solutions of Ordinary Differential Equations (Page-537), Eigen function Methods for Differential Equations (Page-581), Probability (Page-961), Statistics (Page-1064), Numerical Methods (Page-1148).
650 0 _aMatematik (Teknik)
_9103151
650 0 _aMatematisk analys
_9103152
650 0 _aMatematisk fysik
_9103153
650 0 _aMathematical analysis
650 0 _aMathematical physics
650 0 _aMathematical physics
_9103154
650 0 _aMathematics (Engineering)
_9103155
700 1 _aBence, Stephen John
_9103156
700 1 _aHobson, Michael Paul
_9103157
942 _2ddc
_cBK
_k515.1,RIL
999 _c188871
_d188871